| 000 | 00748cam a2200265 4500 | ||
|---|---|---|---|
| 008 | 090401t1993 xxu||||| |||| 00| 0 eng d | ||
| 020 | _a0566073927 | ||
| 035 | _a(Sirsi) u14878 | ||
| 041 | _aeng | ||
| 050 | _a614.7 | ||
| 100 | _aRothery, Brian | ||
| 245 | _aBS7750: implementing the the environmental management standard and the EC Eco-Management Scheme. | ||
| 260 |
_aAldershot, Hants. _bGower Publishing _c1993 |
||
| 300 | _axii,237p. ; 25cm. | ||
| 350 | _a35 | ||
| 650 | _aBS 7750 | ||
| 650 | _aECO-MANAGEMENT SCHEME | ||
| 650 | _aENVIRONMENTAL MANAGEMENT | ||
| 650 | _aEUROPEAN COMMUNITY | ||
| 650 | _aISO 9000 | ||
| 650 | _aSTANDARDS | ||
| 690 | _aENVIRONMENTAL AND LAND CONSULTANCY | ||
| 942 | _n0 | ||
| 948 | _c04/03/1997 | ||
| 999 |
_c87222 _d87222 |
||